00585 a2200181 4500003000400000005001700004008004100021020001800062040000900080082001900089100002500108245003200133260003900165300000900204942004400213952012900257999001700386OSt20231229123421.0231229b |||||||| |||| 00| 0 eng d a9789387155626 coclc a891.433bVER/J aVarma, Nirmal 96662 aJALTI JHADI /cNirmal Verma aNew Delhi:bVani Prakashan,c2020. a167p 2ddccBKh891.433iVER/Jk891.433mVER/J 00102ddc40708FICaMESbMEScHINd2023-12-29l0o891.433 VER/Jp43259r2023-12-29 12:35:00v495.00w2023-12-29yBKzGR7R3 c43625d43625